Search the Library Catalogue
| 000 -LEADER | |
|---|---|
| fixed length control field | 01572nam a2200169Ia 4500 |
| 008 - FIXED-LENGTH DATA ELEMENTS--GENERAL INFORMATION | |
| fixed length control field | 260302s9999 xx 000 0 und d |
| 020 ## - INTERNATIONAL STANDARD BOOK NUMBER | |
| ISBN | 9780826450272 |
| 082 ## - DEWEY DECIMAL CLASSIFICATION NUMBER | |
| Classification number | 338.926 |
| Item number | DEL |
| 100 ## - MAIN ENTRY--AUTHOR NAME | |
| Personal name | Mothe, John De la |
| 245 #0 - TITLE STATEMENT | |
| Title | Science, Technology and Governance / |
| Statement of responsibility, etc | Mothe, John De la |
| 260 ## - PUBLICATION, DISTRIBUTION, ETC. (IMPRINT) | |
| Name of publisher | Routledge, |
| Year of publication | 2001 |
| 300 ## - PHYSICAL DESCRIPTION | |
| Number of Pages | 246 pages |
| 520 ## - SUMMARY, ETC. | |
| Summary, etc | Science, technology and innovation have long been key factors in the competitive advantage of nations. Today, however, the new international political economy is being increasingly driven by science and technology in new ways. Integration, globalization and internationalization have all become watchwords for a series of dynamic processes in which science and technology are deeply implicated. As a result, not only are the policies of "national" governments being exposed in terms of the limits of their sovereignty, but science and technology are being increasingly implicated in a wide array of public issues - ranging from security, privacy, development and economic growth to employment, environment, foreign policy and geopolitics. Clearly, in today's emerging world, the ways in which governments organize their science and technology policy, their science and technology intelligence, and their research advisory structures and resources matter more today than ever before. In turn, the contract between science anddemocracy is being rapidly redefined. This book is the first to comprehensively discuss these critical issues. |
| 650 ## - SUBJECT ADDED ENTRY--TOPICAL TERM | |
| Topical Term | Political Science |
| 942 ## - ADDED ENTRY ELEMENTS (KOHA) | |
| Koha item type | English Books |
| Withdrawn status | Lost status | Damaged status | Not for loan | Home library | Current library | Shelving location | Date acquired | Full call number | Accession Number | Price effective from | Koha item type |
|---|---|---|---|---|---|---|---|---|---|---|---|
| Anna Centenary Library | Anna Centenary Library | 4TH FLOOR, A WING | 02.03.2026 | 338.926 DEL | 171963 | 02.03.2026 | English Books |